Airports in the United States - Sudden Death - Statistics

General Stats
  • This quiz has been taken 63 times
  • The average score is 15 of 20
Answers on the Grid
Answers color-coded by a green-red scale on the quiz's grid according to % correct below.
Hartsfield–Jackson Atlanta
Dallas Fort Worth
Denver
O'Hare
Los Angeles
John F. Kennedy
Charlotte Douglas
Harry Reid
Orlando
Miami
Phoenix Sky Harbor
Newark Liberty
Minneapolis–Saint Paul
San Francisco
Seattle–Tacoma
George Bush
Philadelphia
Salt Lake City
Fort Lauderdale–Hollywood
Logan
Monterrey
Luton
Gold Coast
Sunshine Coast
Newcastle
Richard Nixon
Rockhampton
Townsville
Port Moresby
Nadi
Darwin
Charlottetown
Edmonton
 
Answer Stats
Answer % Correct
Dallas Fort Worth
89%
Hartsfield–Jackson Atlanta
89%
Denver
87%
San Francisco
87%
Seattle–Tacoma
87%
John F. Kennedy
82%
Los Angeles
82%
Minneapolis–Saint Paul
82%
Miami
80%
O'Hare
80%
Orlando
80%
Philadelphia
80%
Salt Lake City
76%
Fort Lauderdale–Hollywood
73%
Phoenix Sky Harbor
73%
George Bush
69%
Charlotte Douglas
64%
Logan
64%
Newark Liberty
64%
Harry Reid
42%
No matching quizzes found
Score Distribution
Percent of People with Each Score
Percentile by Number Answered
Your Score History
You have not taken this quiz